| 000 | 00936nam a22002532 4500 | ||
|---|---|---|---|
| 001 | 0000019066 | ||
| 005 | 20151217152144.0 | ||
| 008 | 100907s xx 000 0 eng d | ||
| 020 | _a0814650554 : | ||
| 040 |
_aKABU _cKABU |
||
| 100 | 1 |
_aBaumert, Norbert. _@0000178659 |
|
| 245 | 1 | 0 |
_aWoman and man in Paul : _bovercoming a misunderstanding / _cNorbert Baumert. |
| 250 | _a1st ed. | ||
| 260 |
_aCollegeville, Minnesota : _bLiturgical Press, _c1996. |
||
| 300 | _ax, 498 p. | ||
| 630 | 0 | 0 |
_aBible. _pN. T. _pEpistles of Paul. _xCriticism, interpretation, etc. _@0000178660 |
| 650 | 0 |
_aSex _xBiblical teaching. _@0000178661 |
|
| 650 | 0 |
_aMarriage _xBiblical teaching. _@0000149439 |
|
| 650 | 0 |
_aMen (Christian theology) _xBiblical teaching. _@0000159073 |
|
| 650 | 0 |
_aWoman (Christian theology) _xBiblical teaching. _@0000159074 |
|
| 852 | 1 | _9p500 KES | |
| 908 | _a100907 | ||
| 950 | _@1 | ||
| 999 |
_c8797 _d8797 |
||